| 000 | 00395nam a2200169Ia 4500 | ||
|---|---|---|---|
| 008 | 210210b1962 xxu||||| |||| 00| 0 eng d | ||
| 041 | _aeng | ||
| 082 | _a444/470 | ||
| 100 | _aHILLS | ||
| 245 | _aContes dramatiques | ||
| 260 |
_aLondon _bGeorge G Harrap and Company Limited _c1962 |
||
| 650 | _adramatiques | ||
| 650 | _aContes | ||
| 690 | _aFrench | ||
| 700 | _aDONDO | ||
| 906 | _a006665 | ||
| 999 |
_c129655 _d129655 |
||